Statistics for Monaco Best Scorer By Year

Click here to take the quiz!

General Stats

  • This quiz has been taken 189 times
    (144 since last reset)
  • The average score is 7 of 41

Answer Stats

Player% Correct
Radamel Falcao
94%
Wissam Ben Yedder
90%
David Trezeguet
46%
Ludovic Giuly
44%
Bernardo Silva
41%
Anthony Martial
34%
Shabani Nonda
34%
Sonny Anderson
31%
Delio Onnis
27%
Emmanuel Rivière
21%
George Weah
21%
Youri Djorkaeff
21%
Javier Chevantón
18%
Nenê
16%
Park Chu-young
16%
Jürgen Klinsmann
13%
Jan Koller
12%
Frédéric Piquionne
10%
Mohamed Kallon
9%
Bernard Genghini
8%
Glenn Hoddle
8%
Jérémy Ménez
8%
Mark Hateley
7%
Alexandre Licata
6%
Omar Da Fonseca
5%
Philippe Anziani
5%
Ramón Díaz
4%
Oscar Trossero
3%
Serge Roy
3%
Umberto Barberis
3%
Yvon Douis
3%
Antoine Keller
2%
Ernst Stojaspal
2%
Henri Skiba
2%
Louis Floch
2%
Lucien Cossou
2%
Philippe Piat
2%
Pierre Dell'Oste
2%
Ralf Edström
2%
Raúl Conti
2%
Stéphane Bruey
1%

Score Distribution

Percentile by Number Answered

Percent of People with Each Score

Your Score History

You have not taken this quiz since the last reset